|
|
|
|
| LEADER |
00000nam0a2200000 4500 |
| 001 |
142917 |
| 005 |
20231031142915.0 |
| 010 |
|
|
|a 5628004448
|
| 035 |
|
|
|a (RuTPU)RU\TPU\book\154878
|
| 090 |
|
|
|a 142917
|
| 100 |
|
|
|a 20080913d1990 m y0rusy50 ca
|
| 101 |
0 |
|
|a rus
|
| 102 |
|
|
|a KZ
|
| 105 |
|
|
|a a z 001zy
|
| 200 |
1 |
|
|a Электротермия комплексных сплавов с активными элементами
|f Л. Н. Бородаенко, Т. Д. Такенов, Т. Г. Габдуллин
|
| 210 |
|
|
|a Алма-Ата
|c Гылым
|d 1990
|
| 215 |
|
|
|a 120 с.
|c ил.
|
| 320 |
|
|
|a Библиогр.: с.111-119.
|
| 610 |
1 |
|
|a электротермия
|
| 610 |
1 |
|
|a комплексные сплавы
|
| 610 |
1 |
|
|a активные элементы
|
| 610 |
1 |
|
|a ферросплавы
|
| 675 |
|
|
|a 669.15'7
|v 3
|
| 700 |
|
1 |
|a Бородаенко
|b Л. Н.
|g Людмила Никитична
|
| 701 |
|
1 |
|a Такенов
|b Т. Д.
|g Турган Джумабаевич
|
| 701 |
|
1 |
|a Габдуллин
|b Т. Г.
|g Токен Габдуллович
|
| 712 |
0 |
2 |
|a Академия наук Казахской ССР (АН КазССР)
|b Химико-металлургический институт (ХМИ)
|c (Караганда)
|2 stltpush
|3 (RuTPU)RU\TPU\col\7909
|
| 801 |
|
1 |
|a RU
|b 63413507
|c 20080913
|g PSBO
|
| 801 |
|
2 |
|a RU
|b 63413507
|c 20110503
|g PSBO
|
| 942 |
|
|
|c BK
|